logo

Bir Sreshtho Munshi Abdur Rouf Library
Jhenaidah Cadet College

উচ্চ মাধ্যমিক কম্পিউটার কম্পিউটার বিজ্ঞান (প্রথম পত্র) / (Record no. 6746)

MARC details
000 -LEADER
fixed length control field 00813nam a2200217 a 4500
001 - CONTROL NUMBER
JCCL Control Number 6746
003 - CONTROL NUMBER IDENTIFIER
JCCL marc code BD-JhCC
005 - DATE AND TIME OF LATEST TRANSACTION
control field 20181219134016.0
008 - FIXED-LENGTH DATA ELEMENTS--GENERAL INFORMATION
fixed length control field 180129b1995 bg a|||| ||a| 000 0 ben d
035 ## - SYSTEM CONTROL NUMBER
system control number (BD-JhCC)6746
040 ## - CATALOGING SOURCE
Original cataloging agency BD-JhCC
Modifying agency BD-JhCC
041 ## - LANGUAGE CODE
Language code of Book ben
082 ## - DEWEY DECIMAL CLASSIFICATION NUMBER
Classification number 005
Author mark and Year CHO 1995
100 ## - MAIN ENTRY--PERSONAL NAME
Personal name চৌধুরী, মোহাম্মদ আবুল হোসেন
245 ## - TITLE STATEMENT
Title উচ্চ মাধ্যমিক কম্পিউটার কম্পিউটার বিজ্ঞান (প্রথম পত্র) /
Statement of responsibility, etc মোহাম্মদ আবুল হোসেন চৌধুরী
260 ## - PUBLICATION, DISTRIBUTION, ETC. (IMPRINT)
Place of publication, distribution, etc ঢাকা :
Name of publisher, distributor, etc মিতা ট্রেডার্স,
Date of publication, distribution, etc 1995.
300 ## - PHYSICAL DESCRIPTION
Pagination 200 p. :
Dimensions 24 cm.
650 ## - SUBJECT ADDED ENTRY--TOPICAL TERM
Topical term or geographic name as entry element Computer Science
942 ## - ADDED ENTRY ELEMENTS (KOHA)
Source of classification or shelving scheme Dewey Decimal Classification
Koha item type Books
Koha issues (borrowed), all copies 2
Holdings
Source of classification or shelving scheme Damaged status Not for loan Home library Current library Shelving location Date of accession Cost, normal purchase price Total Checkouts Full call number Barcode Date last seen Date checked out Copy number Koha item type
Dewey Decimal Classification     JCC Rouf Library JCC Rouf Library General Stacks 01/29/2018 180.00 1 005 CHO 1995 8967 06/29/2019 12/18/2018 C-1 Books

JCC Library | Contacts | JCC Home

Last Update on 23 September 2017
Copyright @ 2017-2020 JCC Rouf Library
Rouf Library, Jhenidah Cadet College (JCC), Bangladesh